<?xml version="1.0" encoding="UTF-8"?><?xml-stylesheet type="text/xsl" href="static/style.xsl"?><OAI-PMH xmlns="http://www.openarchives.org/OAI/2.0/" xmlns:xsi="http://www.w3.org/2001/XMLSchema-instance" xsi:schemaLocation="http://www.openarchives.org/OAI/2.0/ http://www.openarchives.org/OAI/2.0/OAI-PMH.xsd"><responseDate>2026-04-14T04:57:27Z</responseDate><request verb="GetRecord" identifier="oai:www.recercat.cat:20.500.14342/2456" metadataPrefix="marc">https://recercat.cat/oai/request</request><GetRecord><record><header><identifier>oai:recercat.cat:20.500.14342/2456</identifier><datestamp>2025-03-11T04:09:03Z</datestamp><setSpec>com_2072_482405</setSpec><setSpec>com_2072_183628</setSpec><setSpec>col_2072_482415</setSpec></header><metadata><record xmlns="http://www.loc.gov/MARC21/slim" xmlns:dcterms="http://purl.org/dc/terms/" xmlns:xsi="http://www.w3.org/2001/XMLSchema-instance" xmlns:doc="http://www.lyncode.com/xoai" xsi:schemaLocation="http://www.loc.gov/MARC21/slim http://www.loc.gov/standards/marcxml/schema/MARC21slim.xsd">
   <leader>00925njm 22002777a 4500</leader>
   <datafield ind2=" " ind1=" " tag="042">
      <subfield code="a">dc</subfield>
   </datafield>
   <datafield ind2=" " ind1=" " tag="720">
      <subfield code="a">Boada, Ignasi</subfield>
      <subfield code="e">author</subfield>
   </datafield>
   <datafield ind2=" " ind1=" " tag="260">
      <subfield code="c">1999</subfield>
   </datafield>
   <datafield ind2=" " ind1=" " tag="520">
      <subfield code="a">Nihilism, as was expressed by Nietzsche's philosophy, is not only the result of mod- ern enlightment, but the very final step in the evolution of Western metaphysics; other- wise stated, Nietzsche brings Western metaphysics to its fulfilment (Vollendung). The aim of this article is to understand Heidegger's interpretation of the end of metaphysics through the analysis of  the conferences given by him during the ((Winter Semester)) of 1936-1937,  which were almost entirely dedicated to Nietzsche's concept of ((Will to Power)). This concept is the basis of Heidegger's interpretation of modern technology.</subfield>
   </datafield>
   <datafield ind1="8" ind2=" " tag="024">
      <subfield code="a">http://hdl.handle.net/20.500.14342/2456</subfield>
   </datafield>
   <datafield tag="653" ind2=" " ind1=" ">
      <subfield code="a">Heidegger, Martin, 1889-1976 -- Crítica i interpretació</subfield>
   </datafield>
   <datafield tag="653" ind2=" " ind1=" ">
      <subfield code="a">Nietzsche, Friedrich Wilhelm, 1844-1900 -- Crítica i interpretació</subfield>
   </datafield>
   <datafield ind2="0" ind1="0" tag="245">
      <subfield code="a">Heidegger, lector de Nietzsche: repensar la veritat</subfield>
   </datafield>
</record></metadata></record></GetRecord></OAI-PMH>